000 00667cab a2200229 4500
001 WB3510-63
008 090401t1999 xxu||||| |||| 00| 0 eng d
035 _a(Sirsi) u92004
041 _aeng
245 _aEnd of the road for MIRAS
260 _c1999
350 _a0
490 _aFinancial Times
_v10 March 1999, 11&24(2)
520 _aTax relief on mortgage interest payments (MIRAS) will be withdrawn from April 2000. Stamp duty on houses worth more than £250,000 will be increased by 0.5%.
650 _aBUDGET 1999
650 _aMIRAS
650 _aSTAMP DUTY
650 _aTAX RELIEF
690 _aTAXATION
942 _n0
948 _c11/03/1999
999 _c58344
_d58344